| 000 | 01655aam a2200373 i 4500 | ||
|---|---|---|---|
| 001 | 768714001 | ||
| 003 | CO-MdFUSB | ||
| 005 | 20250408165852.0 | ||
| 007 | ta | ||
| 008 | 240529t1994 sp |||| |||| 00| 0 spa d | ||
| 020 | _a84-7151-953-4 | ||
| 040 |
_cCO-MdFUSB _bspa |
||
| 041 | 0 | _aspa | |
| 082 | 0 | 4 |
_a227.707 _223 _bC843 |
| 100 |
_aCothenet, Édouard _eautor |
||
| 245 | 4 |
_aLas cartas a los Colosenses y a los Efesios _c/ Edouard Cothenet ; traducido por Nicolás Darrícal |
|
| 250 | _asegunda edición | ||
| 264 | 1 |
_bVerbo Divino, _aPamplona, España : _c[1999] |
|
| 264 | 4 | _c© 1994, 1999 | |
| 300 |
_a66 páginas _c; 19 cm |
||
| 336 |
_2rdacontent _atexto _btxt |
||
| 337 |
_2rdamedia _asin mediación _bn |
||
| 338 |
_2rdacarrier _avolumen _bnc |
||
| 490 | _aCuadernos Bíblicos | ||
| 505 |
_tLa carta a los Colosenses: _aIntroducción: plan de la carta. -- Encabezamiento: oración y acción de gracias. -- Himno a Cristo. -- Permaneced firmes: el combate del apóstol. -- Vivir en la fidelidad a Cristo. -- Vestirse del hombre nuevo. -- Preocupaciones misioneras y mensajes personales. |
||
| 505 |
_tLa carta a los Efesios: _aIntroducción: plan de la carta. -- Encabezamiento. -- Bendición solemne. -- Apertura epistolar. -- La revelación del misterio. -- Exhortaciones para la vida eclesial. -- Noticias personales y saludo. |
||
| 563 | _aRústico | ||
| 630 | 0 | 7 |
_aBiblia. _pColosenses _xCrítica, interpretación, etc |
| 630 | 0 | 7 |
_aBiblia. _pEfesios _xCrítica, interpretación, etc. |
| 650 | 7 |
_aHermenéutica bíblica _2embne _97333 |
|
| 700 |
_aDarrícal, Nicolás _95549 _etraductor |
||
| 942 | _cBK | ||
| 945 | _aJTF-925 | ||
| 999 |
_c44056 _d44056 |
||